000 00656nam a2200193 4500
008 011107s1977 us 0 engYA
020 _a0201072270
090 _aHM132
_bStb
100 1 _aStewart, John
245 1 0 _aBridges not walls :
_ba book about interpersonal communication /
_cJohn Stewart.
260 _aUSA :
_bAddison-Wesley Publishing Company,
_cc1977.
300 _axiii, 298 p.
500 _a[xeroxed copy]
504 _aIncludes bibliographical references.
650 4 _aCommunication.
650 4 _aInterpersonal relations.
951 _p21977
_x00020535
_oHM132/Stb
_j070613111015515
_d2000-12-21
_cGC
999 _c4741
_d4741